Atividades com movimentos basicos/v.1 (Record no. 181503)

MARC details
000 -LÍDER
campo de controle de tamanho fixo 00332 a2200145 4500
001 - NÚMERO DE CONTROLE
campo de controle 181503
020 ## - ISBN - INTERNATIONAL STANDARD BOOK NUMBER
ISBN - International Standard Book Number
040 ## - FONTE DA CATALOGAÇÃO
Instituição que transcreveu o registro Magnum
100 ## - ENTRADA PRINCIPAL--NOME PESSOAL
Nome pessoal Capon, Jack J.
240 10 - TÍTULO UNIFORME
Título uniforme Atividades com movimentos basicos/v.1
Idioma da obra por
245 10 - TÍTULO
Título Atividades com movimentos basicos/v.1
362 0# - DATAS DE PUBLICAÇÃO E/OU DESIGNAÇÃO SEQUENCIAL
Datas de publicação e/ou designação sequencial 1899
697 ## - ENTRADA DE ASSUNTO LOCAL--ENTIDADE COLETIVA (RLIN)
Nome corporativo ou nome da jurisdição MAGNITO: GERAL
942 ## - ELEMENTOS DE ENTRADA ADICIONADOS (KOHA)
Tipo de material Koha Livros
Holdings
Situação do descarte Situação das perdas Situação física Não pode ser emprestado Biblioteca de origem Biblioteca atual Data de aquisição Total de empréstimos Número de chamada completo Código de barras Data de último acesso Data do preço efetivo Tipo de material Koha
        Magnum Magnum 08/06/2024   LI.03195 MAG00031420 08/06/2024 08/06/2024 Livros